UK Counties General Knowledge: Yorkshire - Statistics

General Stats
  • This quiz has been taken 773 times
    764 since last reset
  • The average score is 11 of 20
Answer Stats
Clue Answer % Correct
Yorkshire’s largest city. Leeds
98%
Commonly served with roast beef and vegetables to form part of the traditional Sunday roast. Yorkshire Pudding
94%
Def Leppard, Arctic Monkeys and Pulp all formed in this city. Sheffield
85%
The 2017 UK City of Culture. Hull
79%
This famous bike race had it’s ‘Grand Depart’ in the county in 2014. Tour De France
79%
Victorian resort town on the North Sea coast, home to the Peasholm Park Japanese gardens. Scarborough
73%
The ruined Gothic Whitby Abbey was, in part, the inspiration for which famous novel? Dracula
69%
York’s river River Ouse
65%
Olympic heptathlete and gold medallist, born in the county. Jessica Ennis-Hill
59%
Yorkshire’s county cricket ground. Headingley
57%
United play at Bramall Lane, where do Wednesday play? Hillsborough
53%
Infamous English criminal executed in York in 1739 for horse theft. Richard “Dick” Turpin
49%
Real name of the serial killer ‘The Yorkshire Ripper’. Peter Sutcliffe
46%
Market town in East Yorkshire that is also a woman’s name. Beverley
44%
Small, roughly circular black sweet, made of liquorice, named after this Yorkshire town. Pontefract cake
41%
Huddersfield FC’s nickname. The Terriers
35%
Born in Kingston-Upon-Hull in 1759, this politician and social campaigner helped to bring about the abolition of slavery. William Wilberforce
30%
A village known for it’s mining heritage, it’s brass band and the location for the film ‘Brassed Off’. Grimethorpe
14%
This former Labour party spin doctor was born in Keighley. Alistair Campbell
12%
Led by Halfdan and Ivar the Boneless, the Viking army attacked York on November 1 of which year? 866
2%
No matching quizzes found
Score Distribution
Percent of People with Each Score
Percentile by Number Answered
Your Score History
You have not taken this quiz since the last reset